[Event "African Games op 10th"]
[Site "Maputo"]
[Date "2011.09.05"]
[Round "1.3"]
[White "Fekadu, Desalegn Jimma"]
[Black "Mabusela, Johannes Manyedi"]
[Result "0-1"]
[WhiteElo "2194"]
[BlackElo "2279"]
[PlyCount "84"]
[EventDate "2011.09.05"]
[EventType "team-swiss"]
[EventRounds "9"]
[EventCountry "MOZ"]
[SourceTitle "CBM 144 Extra"]
[Source "ChessBase"]
[SourceDate "2011.10.28"]
[SourceVersion "1"]
[SourceVersionDate "2011.10.28"]
[SourceQuality "1"]
[WhiteTeam "Ethiopia"]
[BlackTeam "South Africa"]
[WhiteTeamCountry "ETH"]
[BlackTeamCountry "RSA"]

1. d4 Nf6 2. c4 c5 3. d5 b5 4. cxb5 a6 5. b6 e6 6. Nc3 Bb7 7. e4 exd5 8. exd5 d6 9. Nf3 Nbd7 10. Bc4 Be7 11. 0-0 0-0 12. Na4 Nxb6 13. Nxb6 Qxb6 14. b3 Nd7 15. Bf4 Bf6 16. Rc1 Rfe8 17. Re1 g6 18. Rc2 Qc7 19. Rce2 Rxe2 20. Qxe2 Nb6 21. Qe4 Qd7 22. Bh6 Bg7 23. Bf4 Rd8 24. h3 h6 25. Qd3 Qc8 26. Qd2 Kh7 27. Re7 Rd7 28. Re2 Qa8 29. Nh2 Nxd5 30. Bxd5 Bxd5 31. f3 Be6 32. Nf1 d5 33. Be5 Bxe5 34. Rxe5 Qb7 35. f4 c4 36. bxc4 dxc4 37. Qc2 Qb6+ 38. Kh2 Qd4 39. Re4 Qd1 40. Qxd1 Rxd1 41. Ne3 Re1 42. Re5 c3 0-1

[Event "Olympiad-39"]
[Site "Khanty-Mansiysk"]
[Date "2010.09.21"]
[Round "1.4"]
[White "Fekadu, Desalegn Jimma"]
[Black "Arenas Vanegas, David"]
[Result "0-1"]
[WhiteElo "2204"]
[BlackElo "2457"]
[PlyCount "154"]
[EventDate "2010.09.21"]
[EventType "team-swiss"]
[EventRounds "11"]
[EventCountry "RUS"]
[SourceTitle "CBM 139"]
[Source "ChessBase"]
[SourceDate "2010.11.18"]
[SourceVersion "1"]
[SourceVersionDate "2010.11.18"]
[SourceQuality "1"]
[WhiteTeam "Ethiopia"]
[BlackTeam "Columbia"]
[WhiteTeamCountry "ETH"]
[BlackTeamCountry "COL"]

1. d4 Nf6 2. c4 g6 3. Nc3 Bg7 4. e4 d6 5. f3 0-0 6. Be3 c5 7. dxc5 dxc5 8. Qxd8 Rxd8 9. Bxc5 Nc6 10. Nge2 Nd7 11. Be3 Nb4 12. 0-0-0 b6 13. Nd5 Nxd5 14. cxd5 Ne5 15. Nd4 Bd7 16. Ba6 Rf8 17. h3 b5 18. Nxb5 Bc8 19. Bxc8 Rfxc8+ 20. Kb1 Nc4 21. Bd4 Rab8 22. a4 a6 23. Na7 Rxb2+ 24. Bxb2 Rb8 25. Kc2 Rxb2+ 26. Kd3 Ne5+ 27. Kc3 Nc6+ 28. Kc4 Rc2+ 29. Kd3 Rc3+ 30. Ke2 Nxa7 31. Rc1 Rc8 32. Rxc8+ Nxc8 33. Rb1 Be5 34. Ke3 g5 35. Kd3 Kf8 36. Kc4 Ke8 37. Kc5 Kd7 38. Rb7+ Bc7 39. e5 Kd8 40. Kd4 f6 41. exf6 exf6 42. Rb1 Kd7 43. Re1 Nb6 44. Re6 Be5+ 45. Ke4 Nxa4 46. Kf5 Nc5 47. Rb6 Bc3 48. Rb8 a5 49. Rh8 a4 50. Rxh7+ Kc8 51. d6 Kb8 52. Rc7 Bd4 53. Rc6 a3 54. d7 Nxd7 55. Ra6 Bb2 56. g3 Kb7 57. Ra4 Nc5 58. Rxa3 Bxa3 59. Kxf6 Bc1 60. h4 gxh4 61. gxh4 Kc6 62. h5 Kd6 63. Kg6 Ke6 64. h6 Nd7 65. Kg7 Bb2+ 66. Kg8 Nf6+ 67. Kg7 Nd5+ 68. Kg8 Ne7+ 69. Kf8 Ng6+ 70. Kg8 Ke7 71. h7 Ke8 72. h8Q Bxh8 73. f4 Bf6 74. f5 Nf4 75. Kh7 Kf7 76. Kh6 Be7 77. Kh7 Bf8 0-1